| 000 | 00764nam a2200193Ia 4500 | ||
|---|---|---|---|
| 008 | 151121s9999||||xx |||||||||||||| ||und|| | ||
| 082 | _a915।45/मंगळ | ||
| 082 | _bHNW-75727 | ||
| 100 | _aमंगळवेढेकर राजा | ||
| 245 | _a आपला भारत -8 -पंचनद पंजाब | ||
| 260 | _b"दिलीपराज प्रकाशन प्रा। लि।, पुणे।" | ||
| 260 | _c-- | ||
| 300 | _a100 | ||
| 600 | _aमंगळवेढेकर राजा | ||
| 630 | _a आपला भारत -8 -पंचनद पंजाब | ||
| 700 | _aमंगळवेढेकर राजा | ||
| 730 | _a आपला भारत -8 -पंचनद पंजाब | ||
| 942 | _cBOOK | ||
| 999 |
_c1257160 _d1257157 |
||